000 00627cam a22002293a 4500
001 18693
003 PGUSA
005 20140828083410.0
008 060626s2006||||xxu|||||s|||||000 1 eng d
040 _aPGUSA
_beng
042 _adc
050 4 _aPQ
100 1 _aDombre, Roger,
_d1859-1914
245 1 0 _aNounou :
_bHistoire de la Moucheronne
_h[electronic resource] /
_cRoger Dombre
260 _bProject Gutenberg,
_c2006
506 _aPublic domain in the USA.
516 _aElectronic text
653 _aFiction
830 0 _aProject Gutenberg
_v18693
856 4 0 _uhttp://www.gutenberg.org/ebooks/18693
942 _cEB
999 _c247948
_d247948